Prison Conditions in Jamaica May 1990 (Record no. 224224)

MARC details
000 -LEADER
fixed length control field 00598nam a22002177a 4500
005 - DATE AND TIME OF LATEST TRANSACTION
control field 20220727141741.0
008 - FIXED-LENGTH DATA ELEMENTS--GENERAL INFORMATION
fixed length control field 220727b ||||| |||| 00| 0 eng d
020 ## - INTERNATIONAL STANDARD BOOK NUMBER
International Standard Book Number 0929692578
040 ## - CATALOGING SOURCE
Transcribing agency AL
041 ## - LANGUAGE CODE
Language code of text/sound track or separate title English
082 ## - DEWEY DECIMAL CLASSIFICATION NUMBER
Edition number 23
Classification number 365.97
Item number AMEP
100 ## - MAIN ENTRY--PERSONAL NAME
Personal name Americas Watch Report
100 ## - MAIN ENTRY--PERSONAL NAME
9 (RLIN) 53530
245 ## - TITLE STATEMENT
Title Prison Conditions in Jamaica May 1990
260 ## - PUBLICATION, DISTRIBUTION, ETC.
Place of publication, distribution, etc. New York
Name of publisher, distributor, etc. Human Rights Watch
Date of publication, distribution, etc. 1990
300 ## - PHYSICAL DESCRIPTION
Extent ii,72 p.
Other physical details PB
Dimensions 22.5x15 cm.
650 ## - SUBJECT ADDED ENTRY--TOPICAL TERM
Topical term or geographic name entry element Jamaica
9 (RLIN) 53531
650 ## - SUBJECT ADDED ENTRY--TOPICAL TERM
Topical term or geographic name entry element Prisons
9 (RLIN) 53532
650 ## - SUBJECT ADDED ENTRY--TOPICAL TERM
Topical term or geographic name entry element Prisoners
9 (RLIN) 53533
700 ## - ADDED ENTRY--PERSONAL NAME
Personal name AMERICAS WATCH REPORT
9 (RLIN) 53534
942 ## - ADDED ENTRY ELEMENTS (KOHA)
Source of classification or shelving scheme Dewey Decimal Classification
Koha item type George Fernandes Collections
Holdings
Withdrawn status Lost status Source of classification or shelving scheme Damaged status Not for loan Collection code Home library Current library Date acquired Total Checkouts Full call number Barcode Date last seen Price effective from Koha item type
    Dewey Decimal Classification     Social Work St Aloysius Library St Aloysius Library 03/23/2013   365.97 AMEP GF01541 07/27/2022 07/27/2022 George Fernandes Collections